Auswanderungen Nicaragua - Statistiken

Allgemein
  • Dieses Quiz wurde 28 mal gespielt
  • Das Durchschnittsergebnis liegt bei 10 aus 11
Antwortstatistiken
Platz Land Anzahl % Korrekt
9. Mexiko 4.105
100%
1. Vereinigte Staaten 302.845
100%
5. Kanada 10.511
96%
4. Panama 13.752
96%
11. Brasilien 1.201
92%
2. Costa Rica 296.541
92%
7. El Salvador 7.929
88%
6. Guatemala 8.787
85%
8. Honduras 7.891
85%
3. Spanien 25.969
73%
10. Venezuela 2.003
69%
Keine übereinstimmenden Quizze gefunden
Verteilung der Resultate
Anzahl Personen mit jedem Resultat
Perzentil nach korrekt beantworteten Fragen
Ihre Resultats-Entwicklung
Sie haben dieses Quiz noch nicht gespielt